000
00487nam a2200145Ia 4500
008
090124s9999 xx 000 0 und d
082
_b
124701
245
_a
योगी अ.ल.भागवतांची अमृतवाणी
250
_a
1
260
_c
1984
300
_a
1055
630
_a
योगी अ.ल.भागवतांची अमृतवाणी
730
_a
योगी अ.ल.भागवतांची अमृतवाणी
942
_c
BOOK
999
_c
170788
_d
170788